| 000 | 01145cam a2200301Ia 4500 | ||
|---|---|---|---|
| 001 | CRC00E86510PDF | ||
| 003 | BD-DhSAU | ||
| 005 | 20151012144300.0 | ||
| 006 | m|||||o||d|||||||| | ||
| 007 | cr|||| | ||
| 008 | 081119s2009 flua sb 001 0 eng d | ||
| 020 | _a9781420086522 (ebook : PDF) | ||
| 040 |
_aBD-DhSAU _cBD-DhSAU |
||
| 090 |
_aTD795.7 _b.H38 2009 |
||
| 092 |
_a628.44564 _bH376 |
||
| 100 | 1 | _aHauser, Victor L. | |
| 245 | 1 | 0 |
_aEvapotranspiration covers for landfills and waste sites _h[electronic resource] / _cVictor L. Hauser. |
| 260 |
_aBoca Raton, FL : _bCRC Press, _cc2009. |
||
| 300 |
_axix, 203 p. : _bill. |
||
| 504 | _aIncludes bibliographical references (p. [183]-184) and index. | ||
| 530 |
_aAlso available in print edition. _bCRC Press (http://www.crcpress.com) |
||
| 538 | _aMode of access: World Wide Web. | ||
| 650 | 0 | _aLandfill final covers. | |
| 650 | 0 | _aEvapotranspiration. | |
| 655 | 7 |
_aElectronic books. _2lcsh |
|
| 776 | 1 | _z9781420086515 | |
| 856 | 4 | 0 |
_uhttp://marc.crcnetbase.com/isbn/9781420086522 _qapplication/PDF |
| 999 |
_c11093 _d11092 |
||